El reto de las identidades y la multiculturalidad /
Đã lưu trong:
| Tác giả chính: | |
|---|---|
| Định dạng: | Texto |
| Những chủ đề: | |
| Các nhãn: |
Thêm thẻ
Không có thẻ, Là người đầu tiên thẻ bản ghi này!
|
MARC
| LEADER | 00000 a a2200000 04500 | ||
|---|---|---|---|
| 001 | 41215 | ||
| 003 | |||
| 040 | |||
| 100 | |a Hopenhayn, Martín | ||
| 245 | |a El reto de las identidades y la multiculturalidad / |c Martín Hopenhayn | ||
| 650 | |a PLURALISMO CULTURAL/ | ||
| 650 | |a IDENTIDAD CULTURAL/ | ||
| 650 | |a POSMODERNIDAD/ | ||
| 650 | |a POLITICA | ||
| 773 | |g volumen12, número7 (enero-mayo , 2006), páginas 45-56 | ||
| 999 | |c 27134 |d 27134 | ||
